Wireless communications & mobile computing (Record no. 38779)
[ view plain ]
| 000 -LEADER | |
|---|---|
| fixed length control field | 00539nam a2200169Ia 4500 |
| 022 ## - INTERNATIONAL STANDARD SERIAL NUMBER | |
| ISSN | 15308669 |
| 050 ## - CALL MARK | |
| Classification number | TK 5103.2 .W563/ |
| 245 #0 - TITLE STATEMENT | |
| Title | Wireless communications & mobile computing |
| 260 ## - PUBLICATION, DISTRIBUTION, ETC. (IMPRINT) | |
| Place of publication | UK |
| 260 ## - PUBLICATION, DISTRIBUTION, ETC. (IMPRINT) | |
| Name of publisher | John Wiley & Sons |
| 260 ## - PUBLICATION, DISTRIBUTION, ETC. (IMPRINT) | |
| Year of publication | 2005 |
| 300 ## - PHYSICAL DESCRIPTION | |
| Number of Pages | v. : ill. ; 26 cm. |
| 650 ## - SUBJECT ADDED ENTRY--TOPICAL TERM | |
| Topical Term | Wireless communication systems--Periodicals. Mobile communication systems--Periodicals. Electrical and Electronic Engineering--Periodicals. |
| 942 ## - ADDED ENTRY ELEMENTS (KOHA) | |
| Koha item type | Serials |
No items available.